000 00626nam a2200217Ia 4500
005 20241129110937.0
008 241129s9999||||xx |||||||||||||| ||und||
020 _a978-93-5435-662-9
037 _aTB
040 _aCRL
_beng
_cCRL
041 _aeng
_2eng
084 _aR4,(G:55) R2
_qCRL
100 _aHourdequin Marion Au.
_9722890
245 0 _aEnvironmental ethics: from theory to practice
_cHourdequin Marion Au.
260 _aNew Delhi, India
_bBloomsbury
_c2022
300 _aviii,240p.
365 _aINR
_b799
650 _aEthics Philosophy
942 _cTB
_hR4,(G:55) R2
999 _c1228214
_d1228214